01379 a2200193 45000010006000000050017000060080041000230030015000640400040000790800075001192450132001940200018003262500012003442640033003563000025003895050626004141000025010408560120010651614520260407155457.0260407a2000 arg spa dAR-UNSa-BCEJYS aAR-UNSa-BCEJYSbspacAR-UNSa-BCEJYS a342.1xEstado. Pueblo. Nación. Poder del estado (Derecho político)10aCurso de derecho políticophistoria del pensamiento político universal y argentino. ciencia política. teoría del estado a950-508-170-7 a4a. ed. 1aBuenos Aires :bAstreac2000 axxiv, 541 p.c20 cm. a1. La antiguedad grecorromana - 2. El cristianismo - 3. El medioevo - 4. Renacimiento y absolutismo - 5. El estado nacional monárquico - 6. Liberalismo y democracia - 7. Reacción y restauración - 8. Libertad e igualdad - 9. Tendencias modernas - 10. La conquista y la colonia - 11. La revolución - 12. Ensayos constitucionales - 13. Rosas: ideología y acción - 14. La generación del 37 - 15. La organización - 16. La unificación nacional - 17. La argentina moderna - 18. Realidad política - 19. Formas e instituciones políticas - 20. Dinámica política - 21. La ciencia política en la Argentina1 aSanguinetti, Horacio41uhttps://biblioeco.unsa.edu.ar/pmb/images/libros/Curso de Derecho Politico-l87495.jpgyImagen de portadaqimage/jpeg